Holiday Quiz

Random Holiday or Alphabet Quiz
Score 0/41 Timer 13:00
0 Plays Today
% Correct
A
100%
B
100%
C
100%
D
100%
E
100%
F
100%
G
100%
H
100%
I
100%
J
100%
K
100%
L
100%
M
100%
N
100%
O
100%
P
100%
Q
100%
R
100%
S
100%
T
100%
U
100%
% Correct
V
100%
W
100%
X
100%
Y
100%
Z
100%
the
74.6%
is
73.8%
This
73.7%
Christmas:
72.4%
Christmas
72.3%
of
69.3%
message
67.9%
Merry
67.4%
and
65.9%
We
65.6%
Happy
65.1%
are
64.1%
never
62.6%
alone!
61.6%
Sporcling!
58.8%
Remove Ads.
Support Sporcle.
Get the best of Sporcle when you Go Orange. This ad-free experience offers more features, more stats, and more fun while also helping to support Sporcle. Thank you for becoming a member.

You're not logged in!

Compare scores with friends on all Sporcle quizzes.
OR
Log In

Sporcle TV

Today on Sporcle TV


Watch our educational content, quiz creation guides, and fun videos on Sporcle TV.

Show Comments

Extras

Top Quizzes Today


Score Distribution

Paid Content

Your Account Isn't Verified!

In order to create a playlist on Sporcle, you need to verify the email address you used during registration. Go to your Sporcle Settings to finish the process.

Report this User

Report this user for behavior that violates our Community Guidelines.

Details: